The survival stories (Record no. 678)

MARC details
000 -LEADER
fixed length control field 00825nam a22002417a 4500
005 - DATE AND TIME OF LATEST TRANSACTION
control field 20241120113550.0
020 ## - INTERNATIONAL STANDARD BOOK NUMBER
International Standard Book Number 9780439791014
040 ## - CATALOGING SOURCE
Original cataloging agency FISKH
Language of cataloging eng
Transcribing agency FISKH
Modifying agency FISKH
050 ## - LIBRARY OF CONGRESS CALL NUMBER
Classification number TL553.9
082 ## - DEWEY DECIMAL CLASSIFICATION NUMBER
Classification number 613.69
100 ## - MAIN ENTRY--PERSONAL NAME
Personal name Doswell, Paul
245 ## - TITLE STATEMENT
Title The survival stories
Statement of responsibility, etc. Paul Doswell
250 ## - EDITION STATEMENT
Edition statement First Scholastic printing, October 2005
260 ## - PUBLICATION, DISTRIBUTION, ETC.
Place of publication, distribution, etc. London :
Name of publisher, distributor, etc. Scholastic,
Date of publication, distribution, etc. 2002.
300 ## - PHYSICAL DESCRIPTION
Extent 141 pages :
Dimensions 20 cm.
505 ## - FORMATTED CONTENTS NOTE
Formatted contents note X
520 ## - SUMMARY, ETC.
Summary, etc. Ten true stories of survival against the odds: from shark attacks and blazing airships to exploding spacecraft and sinking submarines, these are real-life stories of people who have stared death in the face and lived to tell the tale.
521 ## - TARGET AUDIENCE NOTE
Target audience note 1080 <br/>
Source Lexile
521 ## - TARGET AUDIENCE NOTE
Target audience note X <br/>
Source Raz-Plus
655 ## - INDEX TERM--GENRE/FORM
Genre/form data or focus term Survival Stories
942 ## - ADDED ENTRY ELEMENTS (KOHA)
Source of classification or shelving scheme Dewey Decimal Classification
Koha item type Books
Suppress in OPAC No
999 ## -
-- 678
-- 678
Holdings
Withdrawn status Lost status Source of classification or shelving scheme Damaged status Not for loan Collection Home library Current library Shelving location Date acquired Total Checkouts Full call number Barcode Date last seen Copy number Price effective from Koha item type Date last checked out
    Dewey Decimal Classification     Non-Fiction Footprints International School Library Network Toul Kork Campus Footprints International School Library Network Toul Kork Campus   11/24/2023   DOW 613.69 TL553.9 FISSE01460 06/29/2023 1 11/24/2023 Books  
    Dewey Decimal Classification     Non-Fiction Footprints International School Library Network Toul Kork Campus Footprints International School Library Network Toul Kork Campus TTP Secondary Non-Fiction Bookshelves 11/24/2023 1 DOW 613.69 TL553.9 FIS04748 05/12/2025 2 11/24/2023 Books 02/26/2025